000
00285nam a22001337a 4500
008
180109b xxu||||| |||| 00| 0 eng d
020
_a
9780874343625
041
_a
eng
080
_a
615
100
_a
5
101
_a
SHF
245
_a
Respiratory Support
_c
Loeb, S
942
_2
udc
_c
BK
999
_c
39972
_d
39972